Transportation through the ages

This book introduce about the civilizing effects of transportation, since it has been our purpose to describe the means by which men have had largely to ignore military developments, except where they have directly contributed to general improvements.

Đã lưu trong:
书目详细资料
格式: 图书
语言:Undetermined
出版: New York McGraw-Hill 1972
主题:
标签: 添加标签
没有标签, 成为第一个标记此记录!
Thư viện lưu trữ: Trung tâm Học liệu Trường Đại học Cần Thơ
LEADER 00767nam a2200193Ia 4500
001 CTU_227674
008 210402s9999 xx 000 0 und d
082 |a 380.509 
082 |b T772 
245 0 |a Transportation through the ages 
245 0 |c Edited by G. N. Georgano 
260 |a New York 
260 |b McGraw-Hill 
260 |c 1972 
520 |a This book introduce about the civilizing effects of transportation, since it has been our purpose to describe the means by which men have had largely to ignore military developments, except where they have directly contributed to general improvements. 
650 |a Vận tải,Transportation 
650 |x Lịch sử,History 
910 |b dqhieu 
980 |a Trung tâm Học liệu Trường Đại học Cần Thơ